<?xml version="1.0" encoding="UTF-8"?>
<collection xmlns="http://www.loc.gov/MARC21/slim">
 <record>
  <leader>00714pamaa2200193   4500</leader>
  <controlfield tag="001">0000019800</controlfield>
  <controlfield tag="005">20061127090000.0</controlfield>
  <datafield tag="020" ind1="0" ind2="0">
   <subfield code="a">087754946X </subfield>
  </datafield>
  <datafield tag="090" ind1="0" ind2="0">
   <subfield code="a">PR3533.B63 </subfield>
   <subfield code="b">JAM 1986</subfield>
  </datafield>
  <datafield tag="245" ind1="0" ind2="0">
   <subfield code="a">JAMES Boswell's life of Samuel Johnson  </subfield>
   <subfield code="c">edited and with an introduction by Harold Bloom.</subfield>
  </datafield>
  <datafield tag="260" ind1="0" ind2="0">
   <subfield code="a">New York: </subfield>
   <subfield code="b">Chelsea House, </subfield>
   <subfield code="c">1986.</subfield>
  </datafield>
  <datafield tag="300" ind1=" " ind2=" ">
   <subfield code="a">viii, 160 p.; </subfield>
   <subfield code="c">25cm.</subfield>
  </datafield>
  <datafield tag="440" ind1="0" ind2="0">
   <subfield code="a">Modern critical interpretations</subfield>
  </datafield>
  <datafield tag="600" ind1="1" ind2="0">
   <subfield code="a">Boswell, James, </subfield>
   <subfield code="d">1740-1795 </subfield>
   <subfield code="t">Life of Samuel Johnson</subfield>
  </datafield>
  <datafield tag="600" ind1="1" ind2="0">
   <subfield code="a">Johnson, Samuel, </subfield>
   <subfield code="d">1709-1784</subfield>
  </datafield>
  <datafield tag="650" ind1="0" ind2="0">
   <subfield code="a">Authors, English -- </subfield>
   <subfield code="x">Biography -- </subfield>
   <subfield code="x">History and criticism -- </subfield>
   <subfield code="y">18th century </subfield>
  </datafield>
  <datafield tag="650" ind1="0" ind2="0">
   <subfield code="a">Biography as a literary form </subfield>
  </datafield>
  <datafield tag="700" ind1="1" ind2="1">
   <subfield code="a">BLOOM, </subfield>
   <subfield code="h">Harold </subfield>
  </datafield>
  <datafield tag="740" ind1="0" ind2="0">
   <subfield code="a">Life of Samuel Johnson</subfield>
  </datafield>
 </record>
</collection>
